00662nam a22001817a 4500003000400000008004100004020001800045082001800063100002100081245009800102260003700200300001600237650001600253700004100269942001200310999001700322952014100339OSt260627b |||||||| |||| 00| 0 eng d a9781439800089 a519.542bR82B aRosner, Gary L  aBayesian Thinking in Biostatistics / by Gary L Rosner, Purushottam W. Laud, Wesley O. Johnson aBoca Raton : bCRC Press, c2021 axix, 601 p. aMathematics aBayesian statistical decision theory 2ddccBK c52375d52375 00102ddc4070aRAUbRAUcGENd2026-06-27fToday & Tog16093.00l0o519.542 R82Bp87615r2026-06-27w2026-01-29yBKkBill No. IN-00449